Band Members by Instrument - Punk / Early Alt Edition - Statistics

General Stats
  • This quiz has been taken 161 times
  • The average score is 21 of 45
Answer Stats
Band Instrument or Role Answer % Correct
U2 (1978-Present) Vocals Bono
92%
The Police (1977-1986) Vocals, Bass Sting
92%
Sex Pistols (1975-1978) Vocals Johnny Rotten
86%
Sex Pistols (1975-1978) Bass Sid Vicious / Glen Matlock
86%
U2 (1978-Present) Guitar, Keyboards The Edge
81%
Blondie (1978-1982) Vocals Deborah Harry
79%
Ramones (1974-1983) Vocals Joey Ramone
77%
The Velvet Underground (1965-1968) Vocals, Guitar Lou Reed
76%
The Clash (1977-1982) Vocals, Rhythm Guitar Joe Strummer
74%
The Smiths (1982-1986) Vocals Morrissey
74%
R.E.M. (1980-1986; 1991-1994) Vocals Michael Stipe
69%
Talking Heads (1977-1991) Vocals, Guitar David Byrne
61%
The Police (1977-1986) Drums Stewart Copeland
59%
The Smiths (1982-1986) Guitar Johnny Marr
58%
Ramones (1974-1983) Guitar Johnny Ramone
58%
Ramones (1974-1983) Bass Dee Dee Ramone
55%
The Clash (1977-1982) Lead Guitar, Vocals Mick Jones
55%
The Police (1977-1986) Guitar Andy Summers
53%
Sex Pistols (1975-1978) Guitar Steve Jones
52%
U2 (1978-Present) Drums Larry Mullen Jr.
48%
Ramones (1974-1983) Drums Tommy Ramone / Marky Ramone
47%
U2 (1978-Present) Bass Adam Clayton
45%
Pixies (1986-1993) Vocals, Rhythm Guitar Black Francis
42%
Talking Heads (1977-1991) Bass Tina Weymouth
40%
The Clash (1977-1982) Bass Paul Simonon
39%
The Velvet Underground (1965-1968) Bass, Viola, Keyboards John Cale
37%
The Clash (1977-1982) Drums Nicky "Topper" Headon
37%
R.E.M. (1980-1986; 1991-1994) Guitar, Mandolin Peter Buck
36%
Pixies (1986-1993) Bass, Vocals Kim Deal
33%
R.E.M. (1980-1986; 1991-1994) Drums Bill Berry
28%
The Velvet Underground (1965-1968) Drums Maureen Tucker
28%
Sex Pistols (1975-1978) Drums Paul Cook
27%
The Velvet Underground (1965-1968) Guitar, Bass Sterling Morrison
27%
R.E.M. (1980-1986; 1991-1994) Bass Mike Mills
26%
Pixies (1986-1993) Lead Guitar Joey Santiago
23%
The Smiths (1982-1986) Bass Andy Rourke
22%
Talking Heads (1977-1991) Drums Chris Frantz
22%
Talking Heads (1977-1991) Keyboards, Guitar Jerry Harrison
22%
The Smiths (1982-1986) Drums Mike Joyce
21%
Blondie (1978-1982) Guitar Chris Stein
20%
Blondie (1978-1982) Drums Clem Burke
19%
Blondie (1978-1982) Bass Nigel Harrison
18%
Pixies (1986-1993) Drums David Lovering
15%
Blondie (1978-1982) Keyboards Jimmy Destri
8%
Blondie (1978-1982) Guitar Frank Infante
3%
No matching quizzes found
Score Distribution
Percent of People with Each Score
Percentile by Number Answered
Your Score History
You have not taken this quiz